Startup life surviving and thriving in a relationship with an entrepreneur /

Bibliographic Details
Main Author: Feld, Brad.
Corporate Author: ProQuest (Firm)
Other Authors: Batchelor, Amy.
Format: Electronic eBook
Language:English
Published: Hoboken, N.J. : John Wiley & Sons, Inc., 2013.
Subjects:
Online Access:Click to View
LEADER 01554nam a2200397 a 4500
001 EBC1108734
003 MiAaPQ
005 20200520144314.0
006 m o d |
007 cr cn|||||||||
008 121206s2013 nju sb 001 0 eng d
020 |z 9781118443644 (cloth) 
020 |a 9781118516867 (electronic bk.) 
035 |a (MiAaPQ)EBC1108734 
035 |a (Au-PeEL)EBL1108734 
035 |a (CaPaEBR)ebr10645197 
035 |a (CaONFJC)MIL426252 
035 |a (OCoLC)820665790 
040 |a MiAaPQ  |c MiAaPQ  |d MiAaPQ 
050 4 |a HB615  |b .F45 2013 
082 0 4 |a 658.1/1  |2 23 
100 1 |a Feld, Brad. 
245 1 0 |a Startup life  |h [electronic resource] :  |b surviving and thriving in a relationship with an entrepreneur /  |c Brad Feld, Amy Batchelor. 
260 |a Hoboken, N.J. :  |b John Wiley & Sons, Inc.,  |c 2013. 
300 |a xvi, 203 p. 
504 |a Includes bibliographical references and index. 
505 0 |a Introduction -- Philosophy -- Communication -- Startup company life. 
533 |a Electronic reproduction. Ann Arbor, MI : ProQuest, 2016. Available via World Wide Web. Access may be limited to ProQuest affiliated libraries. 
650 0 |a Entrepreneurship  |x Psychological aspects. 
650 0 |a Businesspeople  |x Psychology. 
650 0 |a Man-woman relationships  |x Psychological aspects. 
650 0 |a Interpersonal relations. 
655 4 |a Electronic books. 
700 1 |a Batchelor, Amy. 
710 2 |a ProQuest (Firm) 
856 4 0 |u https://ebookcentral.proquest.com/lib/matrademy/detail.action?docID=1108734  |z Click to View